000 00294nam a2200121Ia 4500
008 190216s9999||||xx |||||||||||||| ||und||
100 _aSubhash Sharma
245 0 _aHindi-Kabir:Kavitha Evam Samaaj
260 _bSahithya Samsad Pvt Ltd
_c2008
300 _a168
650 _aHindi
942 _cBK
999 _c16565
_d16565